Code of Safety for Dynamically Supported Craft / (Record no. 3652)

000 -LEADER
fixed length control field 00438nam a22001457a 4500
008 - FIXED-LENGTH DATA ELEMENTS--GENERAL INFORMATION
fixed length control field 200624b ||||| |||| 00| 0 eng d
020 ## - INTERNATIONAL STANDARD BOOK NUMBER
International Standard Book Number 928011073X
082 00 - DEWEY DECIMAL CLASSIFICATION NUMBER
Classification number 629.3
Item number I339
110 ## - MAIN ENTRY--CORPORATE NAME
9 (RLIN) 76
Corporate name or jurisdiction name as entry element International Maritime Organization
245 10 - TITLE STATEMENT
Title Code of Safety for Dynamically Supported Craft /
260 ## - PUBLICATION, DISTRIBUTION, ETC. (IMPRINT)
Place of publication, distribution, etc London
Name of publisher, distributor, etc International Maritime Organization
Date of publication, distribution, etc 1978
300 ## - PHYSICAL DESCRIPTION
Extent 80 p.
650 #0 - SUBJECT ADDED ENTRY--TOPICAL TERM
Topical term or geographic name as entry element Passenger Ships
General subdivision Safety Measures
942 ## - ADDED ENTRY ELEMENTS (KOHA)
Item type Books
Holdings
Withdrawn status Lost status Source of classification or shelving scheme Damaged status Not for loan Permanent location Current location Date acquired Full call number Barcode Date last seen Koha item type
          IMU Kolkata IMU Kolkata 2020-06-24 629.3 I339 06598 2020-06-24 Books
          IMU Kolkata IMU Kolkata 2020-06-24 629.3 I339 06599 2020-06-24 Books
          IMU Kolkata IMU Kolkata 2021-06-10 629.3 I339 08728 2021-06-10 Books
Designed and Maintained by IMU-KC Library, Kolkata Campus © Copyright All Rights Reserved

webs counters

Powered by Koha